[Event "V Open Internacional BMW Augusta AragÃ³n "Stadium C
[Site "Zaragoza"]
[Date "2011.12.26"]
[Round "3"]
[Board "1"]
[White "Sgnaolin, Davide"]
[Black "Cifuentes Parada, Roberto"]
[Result "1/2-1/2"]
[WhiteElo "2242"]
[BlackElo "2523"]
[PlyCount "134"]
[EventDate "2011.12.23"]
[EventRounds "9"]
[EventCountry "ESP"]

1. e4 c5 2. c3 d5 3. exd5 Qxd5 4. d4 Nf6 5. Nf3 e6 6. Na3 Be7 7. Be2 O-O 8. Nb5
Na6 9. O-O Qd8 10. Ne5 Nc7 11. Nxc7 Qxc7 12. Bf4 Bd6 13. Bf3 Nd5 14. Bg3 f6 15.
Nc4 Bxg3 16. hxg3 Rd8 17. Bxd5 Rxd5 18. Ne3 Rd6 19. Qa4 Bd7 20. Qc4 Rc8 21.
Qxc5 Qxc5 22. dxc5 Rxc5 23. Rfd1 Rxd1+ 24. Rxd1 Rc7 25. Kf1 Kf7 26. Ke2 Ke7 27.
Rd4 h5 28. Rh4 Be8 29. Re4 Kf7 30. Rd4 Rc8 31. Kd2 Ke7 32. Re4 e5 33. c4 g5 34.
Kc3 Ke6 35. Nc2 Bg6 36. Re2 Rd8 37. Rd2 Rh8 38. Ne3 Be4 39. c5 h4 40. gxh4 gxh4
41. f3 h3 42. Rd6+ Kf7 43. gxh3 Bxf3 44. Ng4 Rxh3 45. Nxf6 Bg4+ 46. Kd2 Rh2+
47. Kc3 Bf5 48. Nd7 Ke7 49. Nxe5 Rc2+ 50. Kd4 Rxb2 51. Ng6+ Ke8 52. Rf6 Bxg6
53. Rxg6 Kd7 54. c6+ bxc6 55. Rg7+ Kd6 56. Rxa7 c5+ 57. Kc4 Rc2+ 58. Kd3 Rh2
59. Kc4 Rh4+ 60. Kc3 Kd5 61. Rd7+ Kc6 62. Rd8 Rh3+ 63. Kc4 Rh2 64. Rc8+ Kb6 65.
Rb8+ Kc7 66. Rg8 Rc2+ 67. Kb3 Rc1 1/2-1/2

[Event "V Open Internacional BMW Augusta AragÃ³n "Stadium C
[Site "Zaragoza"]
[Date "2011.12.26"]
[Round "3"]
[Board "1"]
[White "Lamas Mercadal, Manuel"]
[Black "Franco Ocampos, Zenon"]
[Result "1/2-1/2"]
[WhiteElo "2202"]
[BlackElo "2505"]
[PlyCount "111"]
[EventDate "2011.12.23"]
[EventRounds "9"]
[EventCountry "ESP"]

1. e4 c5 2. Nc3 Nc6 3. g3 g6 4. Bg2 Bg7 5. d3 e5 6. f4 d6 7. Nf3 Nge7 8. O-O
Nd4 9. Be3 O-O 10. Qd2 Bg4 11. Nh4 exf4 12. Bxf4 Qd7 13. Rf2 Be6 14. Bh6 d5 15.
exd5 Bxd5 16. Nxd5 Nxd5 17. Bxg7 Kxg7 18. Qg5 f5 19. c3 Ne6 20. Qd2 Rad8 21.
Nf3 Nf6 22. Re1 Rfe8 23. Rfe2 Nf8 24. Rxe8 Rxe8 25. Rxe8 Qxe8 26. Qe1 Qxe1+ 27.
Nxe1 b6 28. Nc2 Ne6 29. Na3 Nd7 30. Kf2 Ne5 31. Ke2 g5 32. Nb5 a6 33. Nd6 Kf6
34. Bd5 Nc7 35. Bg8 h5 36. a4 Nc6 37. Bb3 Ne5 38. Nc4 Nxc4 39. Bxc4 a5 40. Ke3
Ke5 41. h4 gxh4 42. gxh4 Ne8 43. Bf7 Ng7 44. d4+ cxd4+ 45. cxd4+ Kf6 46. Bb3
f4+ 47. Kxf4 Nf5 48. Bd1 Nxh4 49. Bxh5 Nf5 50. d5 Nd6 51. Be2 Ke7 52. Ke5 Kd7
53. Bg4+ Kc7 54. Be2 Nc8 55. Ke6 Nd6 56. Bd3 1/2-1/2

[Event "V Open Internacional BMW Augusta AragÃ³n "Stadium C
[Site "Zaragoza"]
[Date "2011.12.26"]
[Round "3"]
[Board "1"]
[White "Gonzalez Perez, Arian"]
[Black "Accattato Martin, Mario"]
[Result "1-0"]
[WhiteElo "2474"]
[BlackElo "2185"]
[PlyCount "145"]
[EventDate "2011.12.23"]
[EventRounds "9"]
[EventCountry "ESP"]

1. d4 d6 2. Nf3 Nf6 3. c4 Nbd7 4. Nc3 e5 5. e4 c6 6. g3 Be7 7. Bg2 O-O 8. O-O
a6 9. h3 b5 10. c5 exd4 11. Nxd4 Bb7 12. Nxc6 Bxc6 13. cxd6 Ne5 14. dxe7 Qxe7
15. Nd5 Nxd5 16. exd5 Rad8 17. Re1 Qf6 18. Qe2 Rxd5 19. Bf4 Nd3 20. Bxd5 Nxf4
21. gxf4 Bxd5 22. Qe5 Qg6+ 23. Qg5 Qc6 24. Rad1 Bxa2 25. Rd8 f6 26. Rxf8+ Kxf8
27. Qf5 g6 28. Qd3 Bf7 29. Qd4 a5 30. Qd8+ Kg7 31. Qxa5 Qf3 32. Re3 Qd1+ 33.
Qe1 Qd4 34. Re7 Kg8 35. Qe4 Qd1+ 36. Kh2 Bd5 37. Rd7 Bxe4 38. Rxd1 h5 39. h4
Kf7 40. Rd6 Bc2 41. Rb6 Bd3 42. Kg3 Ke7 43. Kf3 Kf7 44. Ke3 Bf1 45. Kd4 Bc4 46.
Kc5 Ke7 47. Rd6 Be2 48. Kc6 Bc4 49. Rd4 Ke6 50. Rd1 Kf5 51. Rg1 Bd3 52. Rg3
Be4+ 53. Kxb5 Kxf4 54. Kc5 g5 55. Kd4 gxh4 56. Rh3 Kg4 57. Rh2 f5 58. b4 h3 59.
b5 Ba8 60. Ke3 f4+ 61. Ke2 Bg2 62. b6 Be4 63. Kf1 Bb7 64. Kg1 Bf3 65. Rh1 Bb7
66. Kh2 Kf3 67. Rc1 Kxf2 68. Rc7 Ba8 69. b7 Bxb7 70. Rxb7 f3 71. Rb2+ Ke3 72.
Kg1 Kf4 73. Kf2 1-0

[Event "V Open Internacional BMW Augusta AragÃ³n "Stadium C
[Site "Zaragoza"]
[Date "2011.12.26"]
[Round "3"]
[Board "1"]
[White "Perez Mitjans, Orelvis"]
[Black "Iagar, Razvan-Gabriel"]
[Result "1-0"]
[WhiteElo "2457"]
[BlackElo "2170"]
[PlyCount "59"]
[EventDate "2011.12.23"]
[EventRounds "9"]
[EventCountry "ESP"]

1. e4 e6 2. Qe2 c5 3. Nf3 Nc6 4. c3 g6 5. d3 Bg7 6. g3 Nge7 7. Bg2 d6 8. h4 h6
9. Na3 b6 10. Nc2 e5 11. Bd2 Be6 12. b4 a6 13. a4 cxb4 14. cxb4 d5 15. O-O d4
16. Nh2 O-O 17. f4 f6 18. f5 Bb3 19. Ne1 Qd7 20. Ng4 Kh7 21. Bh3 gxf5 22. Nxh6
Qe8 23. Nxf5 Nxf5 24. Bxf5+ Kg8 25. Qg4 Ra7 26. h5 Bf7 27. h6 Bh5 28. Qh3 Bh8
29. h7+ Kg7 30. g4 1-0

[Event "V Open Internacional BMW Augusta AragÃ³n "Stadium C
[Site "Zaragoza"]
[Date "2011.12.26"]
[Round "3"]
[Board "1"]
[White "Roche Simon, Manuel Angel"]
[Black "Vassallo Barroche, Mauricio"]
[Result "0-1"]
[WhiteElo "2174"]
[BlackElo "2429"]
[PlyCount "64"]
[EventDate "2011.12.23"]
[EventRounds "9"]
[EventCountry "ESP"]

1. e4 c5 2. Nf3 g6 3. d4 Bg7 4. c3 cxd4 5. cxd4 d5 6. exd5 Nf6 7. Nc3 O-O 8.
Qb3 Nbd7 9. Bc4 Nb6 10. O-O Bf5 11. Re1 a5 12. a4 Rc8 13. Ne5 Nxc4 14. Nxc4
Nxd5 15. Ne3 Nxe3 16. Bxe3 Be6 17. Qxb7 Rb8 18. Qc6 Rxb2 19. d5 Bd7 20. Qc5 Qc8
21. Ne4 Bf5 22. Ng3 Rc2 23. Qxe7 Bd7 24. Ne4 f5 25. Ng5 Qd8 26. Qxd8 Rxd8 27.
Rad1 Bc3 28. Bb6 Bxe1 29. Bxd8 Bxf2+ 30. Kh1 Bxa4 31. Bxa5 Rc5 32. d6 Rxa5 0-1

[Event "V Open Internacional BMW Augusta AragÃ³n "Stadium C
[Site "Zaragoza"]
[Date "2011.12.26"]
[Round "3"]
[Board "1"]
[White "Bellia, Fabrizio"]
[Black "Guidi, Maurizio"]
[Result "1-0"]
[WhiteElo "2418"]
[BlackElo "2076"]
[PlyCount "115"]
[EventDate "2011.12.23"]
[EventRounds "9"]
[EventCountry "ESP"]

1. e4 b6 2. d4 Bb7 3. Nc3 e6 4. Nf3 Nf6 5. e5 Ne4 6. Nxe4 Bxe4 7. Bd3 Bxd3 8.
Qxd3 d5 9. exd6 cxd6 10. O-O Be7 11. h4 Nd7 12. d5 Ne5 13. Qe2 Nxf3+ 14. Qxf3
e5 15. h5 O-O 16. Qe2 Bg5 17. f4 exf4 18. Bxf4 Rc8 19. Rae1 h6 20. c4 Qf6 21.
Bxg5 Qxg5 22. a4 Qh4 23. b3 Qd4+ 24. Qe3 Qxe3+ 25. Rxe3 Rfe8 26. Kf2 Kf8 27. a5
bxa5 28. Ra1 Rxe3 29. Kxe3 Rb8 30. Ra3 a4 31. Rxa4 Rxb3+ 32. Kd4 Rb7 33. c5
dxc5+ 34. Kxc5 Ke8 35. Kc6 Rb2 36. Rxa7 Rc2+ 37. Kd6 Rc8 38. Re7+ Kf8 39. Re2
g6 40. hxg6 fxg6 41. Kd7 Ra8 42. Rf2+ Kg7 43. d6 h5 44. Kc7 Ra3 45. Rd2 Rc3+
46. Kb6 Rb3+ 47. Kc5 Rc3+ 48. Kb4 Rc8 49. d7 Rd8 50. Kc5 Kf6 51. Kd6 Kf5 52.
Ke7 Rh8 53. d8=Q Rxd8 54. Kxd8 Kf4 55. Ke7 g5 56. Kf6 g4 57. Kg6 h4 58. Kh5 1-0

[Event "V Open Internacional BMW Augusta AragÃ³n "Stadium C
[Site "Zaragoza"]
[Date "2011.12.26"]
[Round "3"]
[Board "1"]
[White "Antonano Fedz-Quincoces, Avelin"]
[Black "Forcen Esteban, Daniel"]
[Result "0-1"]
[WhiteElo "2127"]
[BlackElo "2410"]
[PlyCount "78"]
[EventDate "2011.12.23"]
[EventRounds "9"]
[EventCountry "ESP"]

1. e4 Nf6 2. e5 Nd5 3. d4 d6 4. Nf3 Nc6 5. Bc4 Nb6 6. Bb3 dxe5 7. Nxe5 Nxe5 8.
dxe5 Qxd1+ 9. Kxd1 Bf5 10. Nc3 a5 11. a4 e6 12. Be3 Nd7 13. f4 Nc5 14. Bc4
O-O-O+ 15. Kc1 Be7 16. b3 f6 17. Kb2 fxe5 18. fxe5 Nd7 19. Bf4 g5 20. Bg3 Nb6
21. Be2 Rd2 22. Rac1 Bb4 23. Bf3 g4 24. Be1 Rd7 25. Be2 Bc5 26. Nb5 Nd5 27.
Bxa5 Nf4 28. Bc4 Nxg2 29. Rcd1 Rxd1 30. Rxd1 Ne3 31. Rd2 Nxc4+ 32. bxc4 Rd8 33.
Rxd8+ Kxd8 34. Bxc7+ Kd7 35. a5 Bg1 36. Bb6 Bxh2 37. Nd4 Bxe5 38. c3 h5 39. c5
Be4 0-1

[Event "V Open Internacional BMW Augusta AragÃ³n "Stadium C
[Site "Zaragoza"]
[Date "2011.12.26"]
[Round "3"]
[Board "1"]
[White "Antoli Royo, Joaquin Miguel"]
[Black "Sierra Aguerri, Joaquin"]
[Result "1-0"]
[WhiteElo "2410"]
[BlackElo "2068"]
[PlyCount "55"]
[EventDate "2011.12.23"]
[EventRounds "9"]
[EventCountry "ESP"]

1. Nf3 f5 2. g3 Nf6 3. c4 b6 4. Bg2 Bb7 5. O-O g6 6. b4 Bg7 7. Bb2 O-O 8. Qb3
h6 9. Nc3 e6 10. d4 d6 11. Rfd1 Qe7 12. c5 Bxf3 13. Bxf3 d5 14. Nxd5 exd5 15.
Bxd5+ Nxd5 16. Qxd5+ Kh7 17. Qxa8 Qxe2 18. Bc3 Nd7 19. Qg2 Nf6 20. d5 f4 21.
Re1 Qc4 22. Bxf6 fxg3 23. hxg3 Bxf6 24. Rac1 Qxb4 25. d6 bxc5 26. dxc7 Qb6 27.
Rb1 Qd6 28. Qb7 1-0

[Event "V Open Internacional BMW Augusta AragÃ³n "Stadium C
[Site "Zaragoza"]
[Date "2011.12.26"]
[Round "3"]
[Board "1"]
[White "Arregui Untoria, Carlos"]
[Black "Garza Marco, Sergio"]
[Result "0-1"]
[WhiteElo "2080"]
[BlackElo "2394"]
[PlyCount "102"]
[EventDate "2011.12.23"]
[EventRounds "9"]
[EventCountry "ESP"]

1. d4 g6 2. c4 Bg7 3. e4 d6 4. Nc3 e5 5. d5 a5 6. Be3 Na6 7. Bd3 Nh6 8. f3 f5
9. Qd2 Nc5 10. Bc2 Nf7 11. O-O-O Bd7 12. Nge2 O-O 13. h4 f4 14. Bf2 a4 15. b4
axb3 16. axb3 Qb8 17. Kb2 Qa7 18. Ra1 Na4+ 19. Nxa4 Qxf2 20. Rh2 b5 21. cxb5
Bxb5 22. Nac3 Rxa1 23. Kxa1 Ra8+ 24. Kb2 Bd7 25. Bd3 Bf6 26. Nd1 Qa7 27. Nec3
Qg1 28. g4 fxg3 29. Rg2 Qh1 30. Rxg3 Qxh4 31. Rg2 Bg5 32. Qe2 Bf4 33. Bb5 Bc8
34. Qc4 Bh3 35. Rc2 Qe7 36. Na2 Ng5 37. Qxc7 Qxc7 38. Rxc7 Nxf3 39. Bc6 Rb8 40.
b4 Nd4 41. Ndc3 h5 42. b5 Bf1 43. Rd7 Nxb5 44. Bxb5 Bxb5 45. Rxd6 Be8+ 46. Kc2
h4 47. Nc1 h3 48. Nd3 Kg7 49. Ra6 Be3 50. Nxe5 h2 51. Ra1 Bg1 0-1

[Event "V Open Internacional BMW Augusta AragÃ³n "Stadium C
[Site "Zaragoza"]
[Date "2011.12.26"]
[Round "3"]
[Board "1"]
[White "Chueca Forcen, Alberto"]
[Black "Fernandez Rubio, Rafael"]
[Result "1-0"]
[WhiteElo "2350"]
[BlackElo "2065"]
[PlyCount "55"]
[EventDate "2011.12.23"]
[EventRounds "9"]
[EventCountry "ESP"]

1. d4 d5 2. Bf4 Nf6 3. e3 Bf5 4. c4 e6 5. Qb3 Qc8 6. cxd5 Nxd5 7. Bg3 Bxb1 8.
Rxb1 Bb4+ 9. Kd1 Be7 10. Nf3 O-O 11. Rc1 c6 12. Bd3 a5 13. Bb1 f5 14. Ke2 a4
15. Qd3 a3 16. b3 Nb4 17. Qd2 b6 18. Ne5 Nd7 19. Rhe1 Nxe5 20. Bxe5 Qd7 21. Kf1
Rfd8 22. e4 c5 23. Qe2 Nc6 24. dxc5 Qc8 25. exf5 Bxc5 26. f6 Rf8 27. Qh5 h6 28.
Qg6 1-0

[Event "V Open Internacional BMW Augusta AragÃ³n "Stadium C
[Site "Zaragoza"]
[Date "2011.12.26"]
[Round "3"]
[Board "1"]
[White "Arnedo Ruiz, Alberto"]
[Black "Lopez Gracia, Fernando"]
[Result "0-1"]
[WhiteElo "2067"]
[BlackElo "2336"]
[PlyCount "122"]
[EventDate "2011.12.23"]
[EventRounds "9"]
[EventCountry "ESP"]

1. e4 c5 2. Nf3 e6 3. d3 Nc6 4. g3 d6 5. Bg2 g6 6. O-O Bg7 7. Re1 Nge7 8. c3 e5
9. a3 O-O 10. b4 h6 11. Nbd2 Be6 12. Nb3 c4 13. dxc4 Bxc4 14. Nfd2 Be6 15. Re3
a5 16. Rd3 Qc7 17. bxa5 Nxa5 18. Nxa5 Rxa5 19. Nf1 Rc5 20. Rxd6 Rxc3 21. Be3
Nc6 22. Rd3 Rxd3 23. Qxd3 Rd8 24. Qc3 Qd7 25. Nd2 Nd4 26. Bf1 h5 27. Rc1 Qa4
28. Qb4 Qxb4 29. axb4 Bf8 30. b5 Bb4 31. Nc4 f6 32. Rb1 Bc5 33. Kg2 Ra8 34. Rc1
b6 35. f4 Ra2+ 36. Kh1 exf4 37. gxf4 Bg4 38. Nd2 Rb2 39. Rc3 Kg7 40. h3 Bf3+
41. Nxf3 Nxf3 42. Bg2 Bxe3 43. Rxe3 Rb1+ 44. Bf1 Nd2 45. Rd3 Rxf1+ 46. Kg2 Rxf4
47. Rxd2 Rxe4 48. Rd6 Rb4 49. Rxb6 g5 50. Rb8 Kg6 51. b6 Kf5 52. Rh8 h4 53. Rb8
Kf4 54. b7 Rb2+ 55. Kf1 Kg3 56. Rf8 Rb1+ 57. Ke2 Rxb7 58. Rxf6 Rb2+ 59. Kf1
Rb1+ 60. Ke2 Kxh3 61. Rc6 g4 0-1

[Event "V Open Internacional BMW Augusta AragÃ³n "Stadium C
[Site "Zaragoza"]
[Date "2011.12.26"]
[Round "4"]
[Board "1"]
[White "Georgiev, Kiril"]
[Black "Bellia, Fabrizio"]
[Result "1-0"]
[WhiteElo "2666"]
[BlackElo "2418"]
[PlyCount "99"]
[EventDate "2011.12.23"]
[EventRounds "9"]
[EventCountry "ESP"]

1. d4 d5 2. c4 e6 3. Nc3 Nf6 4. cxd5 exd5 5. Bg5 Be7 6. e3 c6 7. Bd3 O-O 8. Qc2
Nbd7 9. Nge2 Re8 10. O-O Nf8 11. f3 g6 12. Rae1 Ne6 13. Bh4 Bd7 14. Kh1 Rc8 15.
Qb1 a5 16. e4 dxe4 17. fxe4 Ng4 18. Bxe7 Qxe7 19. h3 Qh4 20. Kg1 Nh6 21. Qc1
Ng5 22. Rf4 Nxh3+ 23. gxh3 Qxh3 24. Rf2 Ng4 25. Nf4 Qh4 26. Rg2 g5 27. Nfe2 f5
28. Rf1 f4 29. Nxf4 gxf4 30. Qxf4 Rf8 31. Qd6 Rxf1+ 32. Bxf1 Qe1 33. Re2 Qh4
34. Rg2 Qe1 35. Qg3 Qxg3 36. Rxg3 Kg7 37. Na4 h5 38. Nc5 Rc7 39. Be2 Bc8 40. e5
Rf7 41. Bc4 Re7 42. Rb3 b5 43. Bf1 Rf7 44. a4 b4 45. Rg3 Rf4 46. Ba6 Bf5 47.
Bd3 Kg6 48. Ne6 Rf2 49. Rxg4+ hxg4 50. Kxf2 1-0

[Event "V Open Internacional BMW Augusta AragÃ³n "Stadium C
[Site "Zaragoza"]
[Date "2011.12.26"]
[Round "4"]
[Board "1"]
[White "Garza Marco, Sergio"]
[Black "Paunovic, Dragan"]
[Result "1-0"]
[WhiteElo "2394"]
[BlackElo "2528"]
[PlyCount "75"]
[EventDate "2011.12.23"]
[EventRounds "9"]
[EventCountry "ESP"]

1. d4 d6 2. c4 e5 3. d5 g6 4. Nc3 Bg7 5. e4 Nf6 6. f3 O-O 7. Be3 c6 8. Qd2 cxd5
9. cxd5 a6 10. Nge2 Nbd7 11. g4 h5 12. h3 b5 13. Bg5 Qc7 14. Rc1 b4 15. Na4 Qa5
16. b3 Bb7 17. Ng3 Rfc8 18. Bc4 Kh7 19. a3 Qc7 20. axb4 Nb6 21. O-O Nxa4 22.
bxa4 Qd7 23. Bb3 Rab8 24. Kg2 Rxc1 25. Rxc1 Bc8 26. Bd1 hxg4 27. hxg4 Qb7 28.
Rc4 Bd7 29. Qc3 Ne8 30. Be3 Bh6 31. Bxh6 Kxh6 32. f4 Rc8 33. g5+ Kg7 34. Rxc8
Qxc8 35. Qxc8 Bxc8 36. f5 f6 37. fxg6 Kxg6 38. Bh5+ 1-0

[Event "V Open Internacional BMW Augusta AragÃ³n "Stadium C
[Site "Zaragoza"]
[Date "2011.12.26"]
[Round "4"]
[Board "1"]
[White "Lopez Gracia, Fernando"]
[Black "Gonzalez Perez, Arian"]
[Result "0-1"]
[WhiteElo "2336"]
[BlackElo "2474"]
[PlyCount "58"]
[EventDate "2011.12.23"]
[EventRounds "9"]
[EventCountry "ESP"]

1. c4 Nf6 2. g3 g6 3. Bg2 Bg7 4. Nc3 O-O 5. d3 d6 6. Bg5 h6 7. Bd2 e5 8. e4 Nc6
9. Nge2 Nd7 10. O-O Nc5 11. f4 Nxd3 12. f5 Nc5 13. Nd5 Nd7 14. g4 Nd4 15. Nxd4
exd4 16. f6 Nxf6 17. Nxf6+ Bxf6 18. Bxh6 Be5 19. Bxf8 Qh4 20. h3 Kxf8 21. c5
Be6 22. cxd6 cxd6 23. Rc1 Kg7 24. Rc7 d5 25. Rxb7 Qg3 26. Qf3 Qh2+ 27. Kf2 Rc8
28. exd5 Bxd5 29. Qxd5 Rc2+ 0-1

[Event "V Open Internacional BMW Augusta AragÃ³n "Stadium C
[Site "Zaragoza"]
[Date "2011.12.26"]
[Round "4"]
[Board "1"]
[White "Ramiro Ovejero, Juan Luis"]
[Black "Perez Mitjans, Orelvis"]
[Result "1-0"]
[WhiteElo "2303"]
[BlackElo "2457"]
[PlyCount "85"]
[EventDate "2011.12.23"]
[EventRounds "9"]
[EventCountry "ESP"]

1. e4 c5 2. Nc3 a6 3. Nf3 e6 4. b3 b5 5. Bb2 Bb7 6. Qe2 d6 7. O-O-O b4 8. Na4
e5 9. c3 a5 10. Qe3 Bc6 11. Bc4 Nd7 12. Ng5 Nh6 13. h4 Be7 14. g4 O-O 15. Nxh7
Kxh7 16. g5 Bxa4 17. bxa4 Nb6 18. gxh6 g6 19. Bb5 Bxh4 20. f4 exf4 21. Qxf4 Bf6
22. c4 Bxb2+ 23. Kxb2 Qe7 24. d4 Rac8 25. dxc5 Rxc5 26. Qxd6 Qxd6 27. Rxd6 Rxb5
28. Kb3 Nc8 29. axb5 Nxd6 30. e5 Nb7 31. Ka4 g5 32. b6 Rc8 33. Rf1 Nd8 34. Kb5
Kxh6 35. c5 g4 36. Rh1+ Kg6 37. Rh8 a4 38. Kxa4 g3 39. b7 Rb8 40. Rxd8 Rxd8 41.
c6 b3 42. c7 Rd1 43. c8=Q 1-0

[Event "V Open Internacional BMW Augusta AragÃ³n "Stadium C
[Site "Zaragoza"]
[Date "2011.12.26"]
[Round "4"]
[Board "1"]
[White "Cifuentes Parada, Roberto"]
[Black "Lamas Mercadal, Manuel"]
[Result "1-0"]
[WhiteElo "2523"]
[BlackElo "2202"]
[PlyCount "83"]
[EventDate "2011.12.23"]
[EventRounds "9"]
[EventCountry "ESP"]

1. d4 Nf6 2. c4 e5 3. dxe5 Ng4 4. Bf4 Nc6 5. Nf3 Bb4+ 6. Nc3 Qe7 7. Qd5 Bxc3+
8. bxc3 f6 9. exf6 Nxf6 10. Qd3 d6 11. e3 O-O 12. Be2 Ne4 13. O-O Nc5 14. Qd2
Bg4 15. h3 Bd7 16. Nd4 Ne5 17. Nb3 Bc6 18. Na5 Bd7 19. Nxb7 Nxb7 20. Qd5+ Qf7
21. Qxb7 Bc6 22. Qa6 Qg6 23. f3 Rab8 24. Bxe5 dxe5 25. e4 Rb2 26. Rf2 Bxe4 27.
c5 Qxa6 28. Bxa6 Rxf2 29. Bc4+ Kh8 30. Kxf2 Bc6 31. Ke3 g5 32. Rb1 Kg7 33. Rb3
Rf4 34. Bd3 h5 35. Be4 Rf6 36. Ra3 Bxe4 37. Kxe4 a6 38. Kxe5 Kf7 39. c4 Ke7 40.
Rd3 Rc6 41. Rd5 Re6+ 42. Kf5 1-0

[Event "V Open Internacional BMW Augusta AragÃ³n "Stadium C
[Site "Zaragoza"]
[Date "2011.12.26"]
[Round "4"]
[Board "1"]
[White "Cobo Garrido, Diego Israel"]
[Black "Rzayev, Bahruz"]
[Result "0-1"]
[WhiteElo "2039"]
[BlackElo "2313"]
[PlyCount "102"]
[EventDate "2011.12.23"]
[EventRounds "9"]
[EventCountry "ESP"]

1. e4 e5 2. Nf3 Nc6 3. d4 exd4 4. Nxd4 Bc5 5. Be3 Qf6 6. Nb5 Bxe3 7. fxe3 Kd8
8. N1c3 Nge7 9. Qd2 d6 10. O-O-O a6 11. Nd4 Bg4 12. Re1 Ne5 13. Be2 Bxe2 14.
Qxe2 Kd7 15. Rhf1 Qh6 16. h3 Rad8 17. Nf5 Nxf5 18. exf5 Kc8 19. f6 d5 20. fxg7
Rhe8 21. Kb1 Qxg7 22. Rf4 Re6 23. Qf2 Rd7 24. Rd4 Nc4 25. e4 Rf6 26. Qg1 Rb6
27. exd5 Rxb2+ 28. Ka1 Rxc2 29. Re8+ Rd8 30. Rxd8+ Kxd8 31. Rxc4 Rxc3 32. Qd4
Qxd4 33. Rxd4 Rg3 34. Rf4 Ke7 35. Rc4 Kd6 36. Rf4 Rxg2 37. Rxf7 h5 38. Rf5 h4
39. Rh5 b6 40. Kb1 Rh2 41. Rxh4 Kxd5 42. Rh7 c5 43. Rh6 b5 44. Rxa6 Rxh3 45.
Rg6 Kc4 46. Rg4+ Kc3 47. a4 b4 48. Rg1 b3 49. a5 Rh6 50. Rg3+ Kb4 51. Rg4+ c4
0-1

[Event "V Open Internacional BMW Augusta AragÃ³n "Stadium C
[Site "Zaragoza"]
[Date "2011.12.26"]
[Round "4"]
[Board "1"]
[White "Glavina, Pablo"]
[Black "Sgnaolin, Davide"]
[Result "1-0"]
[WhiteElo "2468"]
[BlackElo "2242"]
[PlyCount "129"]
[EventDate "2011.12.23"]
[EventRounds "9"]
[EventCountry "ESP"]

1. Nf3 c5 2. c4 Nc6 3. d4 cxd4 4. Nxd4 g6 5. Nc3 Bg7 6. Nc2 d6 7. g3 Be6 8. Ne3
Nf6 9. Bg2 O-O 10. O-O Qd7 11. Re1 Ne5 12. b3 Bh3 13. Bh1 Neg4 14. Qd3 Nxe3 15.
Bxe3 Bf5 16. Qd2 Ng4 17. Rad1 Nxe3 18. Qxe3 Rac8 19. Nd5 Be6 20. Nf4 b6 21. a4
Bh6 22. h4 Rc5 23. Qd4 Bg7 24. Qd3 Bf5 25. e4 Bg4 26. f3 Be6 27. Bg2 a6 28. Kh2
Rb8 29. Qe2 Qc8 30. Bf1 b5 31. axb5 axb5 32. Nxe6 Qxe6 33. Qe3 bxc4 34. Bxc4
Qe5 35. Re2 Ra5 36. Red2 Rba8 37. Bd5 Rc8 38. Bc4 Rca8 39. Qd3 Ra1 40. Rxa1
Rxa1 41. f4 Qc5 42. Rg2 Bd4 43. Rc2 Bg1+ 44. Kg2 Qd4 45. b4 e5 46. fxe5 dxe5
47. Bxf7+ Kxf7 48. Qf3+ Ke7 49. Qg4 Qd7 50. Qg5+ Kf7 51. Qxe5 Ra7 52. Qf4+ Kg7
53. Rd2 Bd4 54. h5 Ra8 55. h6+ Kg8 56. Qf1 Rd8 57. Qc4+ Kh8 58. b5 Qd6 59. Rd3
Qe5 60. Qc6 Qf6 61. Rf3 Qe7 62. b6 Qc5 63. Qxc5 Bxc5 64. b7 Bd6 65. Rd3 1-0

[Event "V Open Internacional BMW Augusta AragÃ³n "Stadium C
[Site "Zaragoza"]
[Date "2011.12.26"]
[Round "4"]
[Board "1"]
[White "Galvez Perez, Jose Luis"]
[Black "Romon Poves, Raul"]
[Result "0-1"]
[WhiteElo "1944"]
[BlackElo "2296"]
[PlyCount "89"]
[EventDate "2011.12.23"]
[EventRounds "9"]
[EventCountry "ESP"]

1. d4 Nf6 2. Nf3 g6 3. Bf4 Bg7 4. e3 O-O 5. Be2 d6 6. h3 Nfd7 7. O-O e5 8. Bh2
Nc6 9. c4 f5 10. Nc3 exd4 11. Nxd4 Nxd4 12. exd4 Nb8 13. c5 Nc6 14. cxd6 cxd6
15. Nb5 f4 16. d5 Ne5 17. Nd4 Qb6 18. Ne6 Bxe6 19. dxe6 Rae8 20. Bf3 Nxf3+ 21.
Qxf3 Be5 22. Rac1 Kg7 23. Rc4 Rxe6 24. Bxf4 Bxf4 25. Rxf4 Rxf4 26. Qxf4 Qxb2
27. Rc1 Qb6 28. Rc8 Rf6 29. Qd2 a6 30. a4 a5 31. Qe2 Rf7 32. h4 Qb1+ 33. Kh2
Qf5 34. Qb2+ Kh6 35. Qd2+ Qf4+ 36. Qxf4+ Rxf4 37. Kg3 Rxa4 38. Rc7 Rb4 39. Kh3
Rb3+ 40. f3 a4 41. Rf7 a3 42. g4 g5 43. hxg5+ Kxg5 44. Rf5+ Kg6 45. Ra5 0-1

[Event "V Open Internacional BMW Augusta AragÃ³n "Stadium C
[Site "Zaragoza"]
[Date "2011.12.26"]
[Round "4"]
[Board "1"]
[White "Pueyo Marina, Gerardo"]
[Black "Hernandez Estevez, Yudania"]
[Result "0-1"]
[WhiteElo "1926"]
[BlackElo "2284"]
[PlyCount "142"]
[EventDate "2011.12.23"]
[EventRounds "9"]
[EventCountry "ESP"]

1. d4 d5 2. Nf3 Nf6 3. g3 c6 4. Bg2 Bg4 5. Nbd2 e6 6. Ne5 Bh5 7. Ndf3 Nbd7 8.
O-O Be7 9. Bg5 O-O 10. a4 Re8 11. a5 a6 12. c3 Bxf3 13. Nxf3 Ne4 14. Bxe7 Qxe7
15. Ne1 e5 16. Ra4 Nd6 17. dxe5 Qxe5 18. e3 Rad8 19. Nd3 Qg5 20. Rh4 Nc4 21. b4
Qf6 22. Qh5 Qg6 23. Qxg6 hxg6 24. Rc1 Nd6 25. Nc5 Nxc5 26. bxc5 Ne4 27. Bxe4
dxe4 28. c4 Re7 29. f3 exf3 30. Kf2 Re5 31. Kxf3 Rxc5 32. Ra1 Rd2 33. Ra4 g5
34. Rd4 Rxh2 35. Rb4 Rxa5 36. Rxb7 Rf5+ 37. Kg4 g6 38. e4 Rc5 39. Ra7 a5 40.
Rdd7 Rf2 41. Re7 Kg7 42. Kh3 Rxc4 43. Rxa5 Kh6 44. Raa7 g4+ 45. Kxg4 f5+ 46.
Kh3 fxe4 47. Re6 Rf3 48. Re8 Rcc3 49. Kh4 g5+ 50. Kg4 Rxg3+ 51. Kf5 Rgf3+ 52.
Ke5 Kh5 53. Rh8+ Kg4 54. Kxe4 Rf4+ 55. Ke5 c5 56. Rg7 Rf5+ 57. Ke4 Rc4+ 58. Ke3
Ra4 59. Rhg8 Rf3+ 60. Ke2 Ra2+ 61. Ke1 Rf5 62. Rg6 Kf4 63. Re8 Kf3 64. Reg8 Ke3
65. Re8+ Kd4 66. Rd8+ Kc4 67. Rdg8 Rg2 68. R8g7 Kc3 69. Rc7 c4 70. Rgc6 Rg4 71.
Kd1 Rd4+ 0-1

[Event "V Open Internacional BMW Augusta AragÃ³n "Stadium C
[Site "Zaragoza"]
[Date "2011.12.26"]
[Round "4"]
[Board "1"]
[White "Lopez Caudevilla, David"]
[Black "Dauletova, Gulmira"]
[Result "1-0"]
[WhiteElo "1878"]
[BlackElo "2283"]
[PlyCount "109"]
[EventDate "2011.12.23"]
[EventRounds "9"]
[EventCountry "ESP"]

1. e4 e5 2. d4 exd4 3. Qxd4 Nc6 4. Qe3 Bb4+ 5. Nc3 Nge7 6. Bd2 O-O 7. O-O-O d6
8. h3 Be6 9. f4 Bc5 10. Qe1 f6 11. Nf3 Qe8 12. Be3 Bb4 13. a3 Ba5 14. Bd2 Bb6
15. Be3 Ba5 16. Bd2 Qf7 17. g4 Rfe8 18. Qg3 Kh8 19. h4 Rac8 20. f5 Bc4 21. Kb1
Ne5 22. g5 Bxf1 23. Rhxf1 Nc4 24. Nd4 d5 25. gxf6 gxf6 26. Bh6 Ng8 27. Bf4 Bxc3
28. Qxc3 Rxe4 29. Ne6 Re8 30. Rxd5 Ne7 31. Rd7 Nb6 32. Rd8 Ned5 33. Rxe8+ Qxe8
34. Qg3 Qg8 35. Bxc7 Nc4 36. Qxg8+ Kxg8 37. Rg1+ Kf7 38. Rg7+ Ke8 39. Rxh7 Ne7
40. Rh8+ Kd7 41. Nc5+ Kxc7 42. Nxe4 Nxf5 43. Nxf6 Kd6 44. h5 Ke6 45. Ng4 Ncd6
46. Ra8 Kf7 47. Rxa7 Ng3 48. h6 Kg6 49. Ra8 Ngf5 50. b3 Nxh6 51. Nxh6 Kxh6 52.
Rd8 Ne4 53. Rd7 b5 54. Rb7 Kg6 55. Kb2 1-0